Galileo
Kaydedildi:
| Yazar: | |
|---|---|
| Materyal Türü: | Kitap |
| Dil: | İspanyolca |
| Baskı/Yayın Bilgisi: |
Madrid
Alianza Editorial
1980
|
| Seri Bilgileri: | <El >Libro de Bolsillo Alianza. Sección Humanidades
|
| Konular: | |
| Etiketler: |
Etiketle
Etiket eklenmemiş, İlk siz ekleyin!
|
MARC
| LEADER | 00000nam a2200000 a 4500 | ||
|---|---|---|---|
| 001 | UCZ9607 | ||
| 003 | CL-VaPUC | ||
| 008 | 960308e19800000SP |||||||||||||||||spa|d | ||
| 082 | 0 | 4 | |a 925 |b DRA |2 21 |
| 100 | 0 | |a Drake, Stillman |e author |9 354619 | |
| 245 | 1 | 0 | |a Galileo |
| 300 | |a 147 p | ||
| 942 | |c BK | ||
| 945 | |d 19960308 00:00:00 |a rbrito | ||
| 260 | |a Madrid |b Alianza Editorial |c 1980 | ||
| 600 | 0 | |a Galilei, Galileo |9 264973 | |
| 650 | 0 | |a Biografías |9 255210 | |
| 650 | 0 | |a Científicos |9 262025 | |
| 583 | |a last modification |c 19960308 00:00:00 |k Rodrigo Vera | ||
| 490 | 0 | |a <El >Libro de Bolsillo Alianza. Sección Humanidades | |
| 999 | |c 244833 |d 244831 | ||
| 952 | |0 0 |1 0 |4 0 |6 925_000000000000000_DRA_1980 |7 0 |8 A |9 259072 |a BIBCUR |b BIBCUR |d 2019-11-19 |i 1766058 |o 925 DRA 1980 |p 1766058 |r 2025-04-22 |w 2019-11-19 |y BK |k BCB | ||
| 952 | |0 0 |1 0 |4 0 |6 925_000000000000000_DRA_1980 |7 0 |8 A |9 259073 |a BIBCUR |b BIBCUR |d 2019-11-19 |i 1766066 |o 925 DRA 1980 |p 1766066 |r 2025-04-22 |w 2019-11-19 |y BK |k BCB | ||
| 952 | |0 0 |1 0 |4 0 |6 925_000000000000000_DRA_1980 |7 0 |8 A |9 259074 |a BIBCUR |b BIBCUR |d 2019-11-19 |i 3513114 |o 925 DRA 1980 |p 3513114 |r 2025-04-22 |w 2019-11-19 |y BK |k FIS | ||